opac header logoIBA Library

Leadership Communication / (Record no. 74)

MARC details
000 -LEADER
fixed length control field 00556nam a22002057a 4500
003 - CONTROL NUMBER IDENTIFIER
control field BD-DhUIB
005 - DATE AND TIME OF LATEST TRANSACTION
control field 20210508113642.0
008 - FIXED-LENGTH DATA ELEMENTS--GENERAL INFORMATION
fixed length control field 210321b ||||| |||| 00| 0 eng d
020 ## - INTERNATIONAL STANDARD BOOK NUMBER
International Standard Book Number 9780071259149
040 ## - CATALOGING SOURCE
Transcribing agency BD-DhUIB
Modifying agency BD-DhUIB
082 ## - DEWEY DECIMAL CLASSIFICATION NUMBER
Edition number 22
Classification number 658.4092 B275l
100 ## - MAIN ENTRY--PERSONAL NAME
Personal name Barrett, Deborah J.
9 (RLIN) 139
245 ## - TITLE STATEMENT
Title Leadership Communication /
Statement of responsibility, etc. by Deborah J. Barrett.
250 ## - EDITION STATEMENT
Edition statement 2nd ed.
260 ## - PUBLICATION, DISTRIBUTION, ETC.
Place of publication, distribution, etc. Boston :
Date of publication, distribution, etc. c2008.
Name of publisher, distributor, etc. Mc- Grawhill,
300 ## - PHYSICAL DESCRIPTION
Extent xvi, 395p. :
Other physical details illas.;
Dimensions 25 cm.
526 ## - STUDY PROGRAM INFORMATION NOTE
Program name BBA.
650 ## - SUBJECT ADDED ENTRY--TOPICAL TERM
Topical term or geographic name entry element Leadership.
9 (RLIN) 316
942 ## - ADDED ENTRY ELEMENTS (KOHA)
Source of classification or shelving scheme Dewey Decimal Classification
Koha item type Books
Holdings
Withdrawn status Lost status Source of classification or shelving scheme Damaged status Not for loan Collection code Home library Current library Shelving location Date acquired Total Checkouts Full call number Barcode Date last seen Copy number Price effective from Koha item type
    Dewey Decimal Classification     Fiction IBA Library IBA Library General Stacks 07/01/2008   658.4092 B275l 00049469 03/21/2021 C-1 03/21/2021 Books
    Dewey Decimal Classification     Fiction IBA Library IBA Library General Stacks 07/01/2008   658.4092 B275l 00049470 03/21/2021 C-2 03/21/2021 Books
Copyright © 2021-2026 | IBA Library
Institute of Business Administration (IBA)
University of Dhaka
Library Home | IBA Home